Fr. Conceicao Rodrigues College of Engineering

Making Softwares measurement work (Record no. 28703)

MARC details
000 -LEADER
fixed length control field 00315nam a2200145Ia 4500
082 ## - DEWEY DECIMAL CLASSIFICATION NUMBER
Classification number 5.14
Item number PAN
100 ## - MAIN ENTRY--PERSONAL NAME
Personal name Hetzel/ Bill
245 ## - TITLE STATEMENT
Title Making Softwares measurement work
260 ## - PUBLICATION, DISTRIBUTION, ETC.
Name of publisher, distributor, etc. Shroff Publishers
Place of publication, distribution, etc. Bombay
Date of publication, distribution, etc. 1993
300 ## - PHYSICAL DESCRIPTION
Extent 504
546 ## - LANGUAGE NOTE
Language note ENGLISH
654 ## - SUBJECT ADDED ENTRY--FACETED TOPICAL TERMS
Focus term Computer
942 ## - ADDED ENTRY ELEMENTS (KOHA)
Koha item type BOOK
Holdings
Withdrawn status Lost status Damaged status Not for loan Collection Home library Current library Shelving location Date acquired Source of acquisition Cost, normal purchase price Total Checkouts Full call number Barcode Date last seen Cost, replacement price Price effective from Koha item type
        CRC Fr. Agnel's C.Rodrigues College of Engineering Fr. Agnel's C.Rodrigues College of Engineering   17/03/2023 Progressive Books 240.00   5.14 PAN 5796 17/03/2023 240.00 17/03/2023 BOOK